| 000 | 01168namaa22003131i 4500 | ||
|---|---|---|---|
| 005 | 20260414102058.0 | ||
| 008 | 260414s1995 ua a|||frm||| 000 0 eng d | ||
| 040 |
_aEG-GICUC _beng _cEG-GICUC _dEG-GICUC _erda |
||
| 041 | 0 |
_aeng _beng _bara |
|
| 049 | _aDeposit | ||
| 097 | _aM.Sc | ||
| 099 | _aCai01.11.25.M.Sc.1995.Mo.A | ||
| 100 | 0 |
_aMohamed Rifaat Mohamed, _epreparation. |
|
| 245 | 1 | 0 |
_aAbnormal Gaits / _cBy Mohamed Rifaat Mohamed ; Supervised Prof. Dr. Mohamed Hany Mohamedy, Dr. Mohamed Abd El-Khalek |
| 246 | 1 | 5 | _aطرق المشي الغير شرعية |
| 264 | 0 | _c1995 | |
| 300 |
_a124 Leaves _billustrations _c30 cm. + |
||
| 336 |
_2rda content _atext |
||
| 337 |
_2rdamedia _aUnmediated |
||
| 338 |
_2rdacarrier _avolume |
||
| 502 | _aThesis (M.Sc.)-Cairo University, 1995 | ||
| 504 | _aBibliography: pages 117-124 | ||
| 653 | 0 | _aAbnormal Gaits | |
| 700 | 0 |
_aMohamed Hany Mohamedy _ethesis advisor. |
|
| 700 | 0 |
_aMohamed Abd El-Khalek _ethesis advisor. |
|
| 900 |
_DDepartment of Orthopaedic Surgery _FFaculty of Medicine _UCairo University _b1995 _cMohamed Hany Mohamedy _cMohamed Abd El-Khalek |
||
| 905 | _aNehad | ||
| 942 |
_2ddc _cTH _e21 _n0 |
||
| 999 | _c179453 | ||